Elements of dynamic optimization / (Record no. 14652)

MARC details
000 -LEADER
fixed length control field 00750pam a2200241 a 4500
001 - CONTROL NUMBER
control field 11204
003 - CONTROL NUMBER IDENTIFIER
control field IN-BhIIT
005 - DATE AND TIME OF LATEST TRANSACTION
control field 20250922120806.0
008 - FIXED-LENGTH DATA ELEMENTS--GENERAL INFORMATION
fixed length control field 911001s1992 nyua b 001 0 eng
020 ## - INTERNATIONAL STANDARD BOOK NUMBER
ISBN 9789380663371 (pbk.)
040 ## - CATALOGING SOURCE
Original cataloging agency IN-BhIIT
041 ## - LANGUAGE CODE
Language code of text eng
082 00 - DEWEY DECIMAL CLASSIFICATION NUMBER
Classification number 330.0151
Book number CHI/E
100 1# - MAIN ENTRY--AUTHOR NAME
Personal name Chiang, Alpha C.,
Relator term Author
245 10 - TITLE STATEMENT
Title Elements of dynamic optimization /
Statement of responsibility, etc Alpha C. Chiang.
260 ## - PUBLICATION, DISTRIBUTION, ETC. (IMPRINT)
Place of publication Kolkata :
Name of publisher Levant Books,
Year of publication 2012.
300 ## - PHYSICAL DESCRIPTION
Number of Pages xiii, 327 p. :
Other physical details(ill.) ill. ;
Dimensions(size) 25 cm.
500 ## - GENERAL NOTE
General note Continues: Fundamental methods of mathematical economics.
504 ## - BIBLIOGRAPHY, ETC. NOTE
Bibliography, etc Includes bibliographical references and index.
650 #0 - SUBJECT ADDED ENTRY--TOPICAL TERM
Topical Term Mathematical optimization.
Topical Term Economics, Mathematical.
942 ## - ADDED ENTRY ELEMENTS (KOHA)
Koha item type Technical Reference Book
Holdings
Withdrawn status Lost status Damaged status Not for loan Collection code Home library Current library Date acquired Source of acquisition Cost, normal purchase price Full call number Accession Number Cost, replacement price Price effective from Koha item type
Not withdrawn Not Lost not damaged   SHSSM Central Library, IIT Bhubaneswar Central Library, IIT Bhubaneswar 21/02/2025 52 596.25 330.0151 CHI/E 11204 795.00 21/02/2025 Technical Reference Book

Central Library, Indian Institute of Technology Bhubaneswar, 4th Floor, Administrative Building, Argul, Khordha, PIN-752050, Odisha, India
Phone: +91-674-7138750 | Email: circulation.library@iitbbs.ac.in (For circulation related queries),
Email: info.library@iitbbs.ac.in (For other queries)